Battle of the Starlight: (Record no. 212603)

MARC details
000 -LEADER
fixed length control field 00540nam a22001937a 4500
005 - DATE AND TIME OF LATEST TRANSACTION
control field 20250724155419.0
010 ## - LCCN (DPL NO)
LC control number ENG-146142
020 ## - INTERNATIONAL STANDARD BOOK NUMBER
Terms of availability 199.00
International Standard Book Number 9788119524389
035 ## - SYSTEM CONTROL NUMBER
System control number EN-129674
037 ## - SOURCE OF ACQUISITION
Source of stock number/acquisition DBAD
082 ## - DEWEY DECIMAL CLASSIFICATION NUMBER
Classification number S
Edition number 1
100 ## - MAIN ENTRY--PERSONAL NAME
Personal name Chandra, Kartik
245 ## - TITLE STATEMENT
Title Battle of the Starlight:
Remainder of title Whisker's Quest/
Statement of responsibility, etc Kartik Chandra
250 ## - EDITION STATEMENT
Edition statement 1
260 ## - PUBLICATION, DISTRIBUTION, ETC. (IMPRINT)
Place of publication, distribution, etc Kolkata
Name of publisher, distributor, etc Exceller Books
Date of publication, distribution, etc 2024
270 ## - ADDRESS
Address G1 Dream Apartment, Degree College Road
City Belgharia,Kolkata
300 ## - PHYSICAL DESCRIPTION
Extent 64p.
Dimensions 22cm(pb)
942 ## - ADDED ENTRY ELEMENTS (KOHA)
Source of classification or shelving scheme Dewey Decimal Classification
Item type English Books
Call number suffix CHA
Classification part S
Holdings
Withdrawn status Lost status Not for loan Collection code Home library Current library Date acquired Source of acquisition Cost, normal purchase price Full call number Barcode Copy number Cost, replacement price Koha item type
    Not For Loan Fiction D.B.Act.Division D.B.Act.Division 24/07/2025 Delivery of Books Act Division 199.00 CHA S EN-129674 1 199.00 English Books

© Delhi Public Library
Hit Counter
free hit counter